ბათუმის შოთა რუსთაველის სახელმწიფო უნივერსიტეტის ბიბლიოთეკა

ლირიკა (ბიბ.ჩანაწერი № 43344)

000 -LEADER
fixed length control field 00598nam a2200205Ia 4500
001 - CONTROL NUMBER
control field 10072
003 - CONTROL NUMBER IDENTIFIER
control field GE_BSU
008 - FIXED-LENGTH DATA ELEMENTS--GENERAL INFORMATION
fixed length control field 181216s||||||||xx |||||||||||||| ||und||
040 ## - CATALOGING SOURCE
Transcribing agency GE_BSU
080 ## - UNIVERSAL DECIMAL CLASSIFICATION NUMBER
Universal Decimal Classification number 821.353.1–1
100 ## - MAIN ENTRY--PERSONAL NAME
Personal name სალუქვაძე,გიორგი
245 ## - TITLE STATEMENT
Title ლირიკა
245 ## - TITLE STATEMENT
Statement of responsibility, etc. რედ.ი.რურუა.მხარვ.ლ.ავალიანი
260 ## - PUBLICATION, DISTRIBUTION, ETC.
Place of publication, distribution, etc. ბათუმი
260 ## - PUBLICATION, DISTRIBUTION, ETC.
Name of publisher, distributor, etc. სახელგამი
260 ## - PUBLICATION, DISTRIBUTION, ETC.
Date of publication, distribution, etc. 1955
300 ## - PHYSICAL DESCRIPTION
Extent 228გვ.1ფ.პორტრ.17სმ.
653 ## - INDEX TERM--UNCONTROLLED
Uncontrolled term ლირიკა
942 ## - ADDED ENTRY ELEMENTS (KOHA)
Koha item type წიგნი
ეგზემპლარები
Withdrawn status Lost status Damaged status Not for loan Date acquired Barcode Date last seen Price effective from Koha item type
        2018-12-17 33558 2018-12-17 2018-12-17 წიგნი
        2018-12-17 33559 2018-12-17 2018-12-17 წიგნი
        2018-12-17 33560 2018-12-17 2018-12-17 წიგნი
        2018-12-17 33561 2018-12-17 2018-12-17 წიგნი
        2018-12-17 33562 2018-12-17 2018-12-17 წიგნი
        2018-12-17 33563 2018-12-17 2018-12-17 წიგნი
        2018-12-17 33564 2018-12-17 2018-12-17 წიგნი
        2018-12-17 33565 2018-12-17 2018-12-17 წიგნი
        2018-12-17 33566 2018-12-17 2018-12-17 წიგნი
        2018-12-17 33567 2018-12-17 2018-12-17 წიგნი